Research Methods

Salvato in:
Dettagli Bibliografici
Natura: Libro
Tags: Aggiungi Tag
Nessun Tag, puoi essere il primo ad aggiungerne! !
Thư viện lưu trữ: Mạng thư viện Đại học Đà Nẵng
LEADER 00372nam a22001571a 4500
001 000035929
003 12221
005 20160321134604.0
008 160321s0 000
245 |a Research Methods  |c Khoa Anh 
OWN |a LNN 
999 |a From the UDN01 
TYP |a Monograph 
980 |a Mạng thư viện Đại học Đà Nẵng